00340pab a2200121 454500008004500000100002300045245007300068260001400141300001200155362001200167650001100179773002800190180718b2001-2002 xxu||||| |||| 00| 0 eng d aMukherjee, Amitava aMicro-level hunger in contemporary India: perspectives of the hungry c2001-2002 ap.1-26. aApr-Jun aHunger aIndian Economic Journal